<?xml version="1.0" encoding="UTF-8"?><?xml-stylesheet type="text/xsl" href="static/style.xsl"?><OAI-PMH xmlns="http://www.openarchives.org/OAI/2.0/" xmlns:xsi="http://www.w3.org/2001/XMLSchema-instance" xsi:schemaLocation="http://www.openarchives.org/OAI/2.0/ http://www.openarchives.org/OAI/2.0/OAI-PMH.xsd"><responseDate>2026-04-17T01:00:46Z</responseDate><request verb="GetRecord" identifier="oai:www.recercat.cat:2117/371070" metadataPrefix="marc">https://recercat.cat/oai/request</request><GetRecord><record><header><identifier>oai:recercat.cat:2117/371070</identifier><datestamp>2025-09-19T19:02:34Z</datestamp><setSpec>com_2072_1033</setSpec><setSpec>col_2072_452951</setSpec></header><metadata><record xmlns="http://www.loc.gov/MARC21/slim" xmlns:dcterms="http://purl.org/dc/terms/" xmlns:xsi="http://www.w3.org/2001/XMLSchema-instance" xmlns:doc="http://www.lyncode.com/xoai" xsi:schemaLocation="http://www.loc.gov/MARC21/slim http://www.loc.gov/standards/marcxml/schema/MARC21slim.xsd">
   <leader>00925njm 22002777a 4500</leader>
   <datafield ind2=" " ind1=" " tag="042">
      <subfield code="a">dc</subfield>
   </datafield>
   <datafield ind2=" " ind1=" " tag="720">
      <subfield code="a">Homdedeu Montaña, Pol</subfield>
      <subfield code="e">author</subfield>
   </datafield>
   <datafield ind2=" " ind1=" " tag="260">
      <subfield code="c">2022-06</subfield>
   </datafield>
   <datafield ind2=" " ind1=" " tag="520">
      <subfield code="a">En aquest treball es planteja l’ús de la energia eòlica en els sistemes auxiliars de control de freqüència, necessària de cara al futur on la penetració de tant la generació eòlica com fotovoltaica serà major i, per tant, aquestes fonts seran clau en l’estabilitat de la xarxa. Per tal s’ha fet un estudi dels principals sistemes auxiliars que asseguren l’estabilitat de la freqüència del sistema. També es presenta la legislació en aquest àmbit per algunes zones seleccionades, incloent els mercats de serveis de balanç i els paràmetres principals d’aquests en relació a la possibilitat de la participació de l’energia eòlica en els serveis auxiliars de control de freqüència. Posteriorment, s’exposen els mètodes per habilitar la generació eòlica per proveir de resposta inercial i per operar la turbina amb un cert marge de reserva de potència, fent una revisió dels mètodes actuals, les seves característiques, llaços de control i alternatives. Finalment, es fa una simulació d’un voltage source converter, VSC per tal d’observar l’efecte de la resposta inercial i el comportament de la freqüència .</subfield>
   </datafield>
   <datafield ind2=" " ind1=" " tag="520">
      <subfield code="a">Objectius de Desenvolupament Sostenible::7 - Energia Assequible i No Contaminant</subfield>
   </datafield>
   <datafield tag="653" ind2=" " ind1=" ">
      <subfield code="a">Àrees temàtiques de la UPC::Energies::Energia eòlica</subfield>
   </datafield>
   <datafield tag="653" ind2=" " ind1=" ">
      <subfield code="a">Wind power</subfield>
   </datafield>
   <datafield tag="653" ind2=" " ind1=" ">
      <subfield code="a">Energia eòlica</subfield>
   </datafield>
   <datafield ind2="0" ind1="0" tag="245">
      <subfield code="a">Ús de reserves de potència pel control de la freqüència en energia eòlica</subfield>
   </datafield>
</record></metadata></record></GetRecord></OAI-PMH>